000 00237nam a22001097a 4500
020 _a090129003990
082 _aK800
100 _aPARK, BARBARA
245 _aJUNIE B JONES HAS A PEEP IN HER POCKET - BOOK 15
300 _a67P
942 _cBK
999 _c7153
_d7153